[Event "Offene Hessische Senioren Einzelmeisters"]
[Site "Bad Sooden- Allendorf"]
[Date "2011.05.05"]
[Round "6.28"]
[White "Heinzel, Peter"]
[Black "Johannsen, Ingbert"]
[Result "1-0"]
[WhiteElo "2078"]
[BlackElo "2048"]
[PlyCount "45"]
[EventDate "2011.??.??"]

1. b4 e6 2. Bb2 Nf6 3. a3 c5 4. bxc5 Bxc5 5. e3 d5 6. Nf3 O-O 7. d4 Be7 8. Nbd2
b6 9. Bd3 Bb7 10. O-O Nbd7 11. Qe2 Re8 12. Rac1 Nf8 13. Ba6 Qc8 14. Bxb7 Qxb7
15. c4 Rac8 16. cxd5 exd5 17. Qb5 a6 18. Qb3 Bd6 19. g3 N8d7 20. a4 h5 21. Ba3
Rc6 22. Rxc6 Bxa3 23. Rxf6 1-0

[Event "Offene Hessische Senioren Einzelmeisters"]
[Site "Bad Sooden- Allendorf"]
[Date "2011.05.05"]
[Round "6.29"]
[White "Haase, Wolfgang"]
[Black "Rollwitz, Jürgen"]
[Result "1-0"]
[WhiteElo "2100"]
[BlackElo "1978"]
[PlyCount "95"]
[EventDate "2011.??.??"]

1. e4 d6 2. d4 Nf6 3. Nc3 e5 4. Nf3 Nbd7 5. Bc4 Be7 6. O-O O-O 7. h3 c6 8. Bb3
Qc7 9. Qe2 a6 10. Be3 b5 11. a3 Rb8 12. dxe5 dxe5 13. Nd2 Nc5 14. f4 Nxb3 15.
cxb3 Nd7 16. b4 exf4 17. Bxf4 Bd6 18. Bxd6 Qxd6 19. Nb3 c5 20. Rad1 Qc6 $11 21.
Nd5 Re8 22. Qf2 f6 23. bxc5 Ne5 24. Na5 Qe6 25. Nc7 Qf7 26. Nxe8 Qxe8 27. Qd4
Be6 28. Qd6 Rc8 29. b4 Bc4 30. Rfe1 Ba2 31. Qxa6 Be6 32. Qd6 Bxh3 33. Re3 Be6
34. Rg3 Kf7 35. Qd2 Qe7 36. Qd6 Qe8 37. Nb7 Ng6 38. Qd4 Qc6 39. Nd8+ Rxd8 40.
Qxd8 Ne5 41. Rd6 Qb7 42. Rxe6 Kxe6 43. Qg8+ Nf7 44. Rxg7 Qd7 45. Qxh7 Qd1+ 46.
Kh2 Qd2 47. Qf5+ Ke7 48. Rxf7+ 1-0

[Event "Offene Hessische Senioren Einzelmeisters"]
[Site "Bad Sooden- Allendorf"]
[Date "2011.05.05"]
[Round "6.30"]
[White "Neumann, Horst"]
[Black "Grabitz, Dr. Georg"]
[Result "1/2-1/2"]
[WhiteElo "1958"]
[BlackElo "2093"]
[PlyCount "29"]
[EventDate "2011.??.??"]

1. e4 g6 2. d4 Bg7 3. Nf3 d6 4. Bc4 Nf6 5. Nc3 O-O 6. Qe2 e6 7. Bb3 Nc6 8. a3
b6 9. O-O Ne7 10. h3 Bb7 11. Bf4 h6 12. Rfe1 Kh7 13. Rad1 a6 14. Bg3 Nd7 15.
Rd2 1/2-1/2

[Event "Offene Hessische Senioren Einzelmeisters"]
[Site "Bad Sooden- Allendorf"]
[Date "2011.05.05"]
[Round "6.31"]
[White "Sailer, Hans-Peter"]
[Black "Schwertel, Johann"]
[Result "1-0"]
[WhiteElo "1904"]
[BlackElo "2026"]
[PlyCount "64"]
[EventDate "2011.??.??"]

1. e4 c6 2. d4 d5 3. Nd2 dxe4 4. Nxe4 Nf6 5. Nxf6+ exf6 6. Nf3 Bd6 7. Be2 O-O
8. Be3 Re8 9. Qd2 Nd7 10. O-O Nf8 11. Rfe1 Bg4 12. c4 Ng6 13. c5 Bc7 14. Rad1
Qd5 15. b3 Rad8 16. h3 Be6 17. Bc4 Qd7 18. Bxe6 fxe6 19. Qc1 Qd5 20. Nh2 Bb8
21. Nf3 Bc7 22. Nh2 Nh4 23. f3 Rd7 24. Bf2 Ng6 25. Ng4 Rde7 26. Ne3 Qg5 27. Kh1
Nf4 28. b4 Qg6 29. Qc4 Nd5 30. a3 Qg5 31. Qc1 Bd8 32. Nc4 Bc7 {
weitere 20 Züge nicht rekonstruierbar} 1-0

[Event "Offene Hessische Senioren Einzelmeisters"]
[Site "Bad Sooden- Allendorf"]
[Date "2011.05.05"]
[Round "6.32"]
[White "Bachmann, Rolf"]
[Black "Burckhardt, Karl"]
[Result "1/2-1/2"]
[WhiteElo "2039"]
[BlackElo "1974"]
[PlyCount "118"]
[EventDate "2011.??.??"]

1. d4 e5 2. dxe5 Nc6 3. Nf3 Qe7 4. Qd5 b6 5. Bd2 Bb7 6. Bc3 O-O-O 7. Nbd2 Nb4
8. Qb3 Nd5 9. e3 Nxc3 10. Qxc3 Qc5 11. Qxc5 Bxc5 12. Bc4 Nh6 13. O-O d6 14.
exd6 Rxd6 15. c3 Rd7 16. Bb5 c6 17. Be2 Rhd8 18. Rfd1 Be7 19. a4 a5 20. Nc4 Kc7
21. Rxd7+ Rxd7 22. Rd1 Rxd1+ 23. Bxd1 c5 24. Nfe5 f6 25. Nd3 Nf5 26. Bc2 Nd6
27. Nxd6 Kxd6 28. f4 Be4 29. Ne1 Bxc2 30. Nxc2 Kd5 31. Na3 Ke4 32. Kf2 Kd3 33.
Kf3 f5 34. g4 g6 35. h3 c4 36. gxf5 gxf5 37. Nb5 Kc2 38. Nd4+ Kxb2 39. Nxf5 Bf8
40. e4 Kxc3 41. e5 Kb4 42. Ne3 Kxa4 43. f5 Kb5 44. f6 Kc6 45. Nxc4 a4 46. e6 b5
47. e7 Bxe7 48. fxe7 Kd7 49. e8=Q+ Kxe8 50. Nd6+ Kd7 51. Nxb5 Kc6 52. Nc3 a3
53. Ke4 Kc5 54. Kd3 Kb4 55. h4 Kc5 56. Na2 Kd5 57. Nc3+ Kc5 58. Na2 Kd5 59.
Nc3+ Kc5 1/2-1/2

[Event "Offene Hessische Senioren Einzelmeisters"]
[Site "Bad Sooden- Allendorf"]
[Date "2011.05.05"]
[Round "6.33"]
[White "Simon, Eberhard"]
[Black "Peleikis, Horst"]
[Result "0-1"]
[WhiteElo "1997"]
[BlackElo "2064"]
[PlyCount "59"]
[EventDate "2011.??.??"]

1. e4 c5 2. Nc3 Nc6 3. f4 g6 4. Bc4 e6 5. Nf3 Bg7 6. O-O Nge7 7. a3 d5 8. exd5
exd5 9. Bb5 O-O 10. d3 a6 11. Bxc6 Nxc6 12. Qe1 Nd4 13. Nxd4 Bxd4+ 14. Kh1 Re8
15. Qg3 b5 16. f5 Bb7 17. fxg6 hxg6 18. Bg5 Qd7 19. Rf3 Re6 20. Raf1 Rae8 21.
Qh4 f5 22. Bh6 Qh7 23. Rh3 Qf7 24. Bg5 Bc6 25. Nd1 Re2 26. c3 Bg7 27. Qh7+ Kf8
28. Bh6 Bxh6 29. Qxh6+ Qg7 30. Qf4 0-1

[Event "Offene Hessische Senioren Einzelmeisters"]
[Site "Bad Sooden- Allendorf"]
[Date "2011.05.05"]
[Round "6.34"]
[White "Fleischer, Matthias"]
[Black "Kotlar, Alfred"]
[Result "1-0"]
[WhiteElo "1892"]
[BlackElo "2068"]
[PlyCount "79"]
[EventDate "2011.??.??"]

1. d4 d5 2. c4 c6 3. Nc3 Nf6 4. Nf3 e6 5. Bg5 Be7 6. e3 h6 7. Bh4 Nbd7 8. h3
O-O 9. Be2 Nb6 10. c5 Nbd7 11. Bg3 Re8 12. O-O Nf8 13. Bd3 Nh5 14. Bh2 f5 15.
Ne5 Nf6 16. Be2 N8d7 17. Ng6 Kh7 18. Nxe7 Rxe7 19. f4 Ne4 20. Nxe4 dxe4 21. Kh1
Nf6 22. Qe1 Nd5 23. Bc4 g6 24. a3 Rg7 25. Rg1 Bd7 26. Bxd5 exd5 27. b4 Be8 28.
g4 Bd7 29. g5 hxg5 30. fxg5 Kg8 31. Be5 Rh7 32. h4 Qe7 33. Qg3 Re8 34. Rg2 Qe6
35. Qf4 Rh5 36. Rh2 Ra8 37. Bc7 Kf7 38. Bb8 Rh8 39. Be5 Rh7 40. Kg2 {
weitere 20 Züge nicht rekonstruierbar} 1-0

[Event "Offene Hessische Senioren Einzelmeisters"]
[Site "Bad Sooden- Allendorf"]
[Date "2011.05.05"]
[Round "6.35"]
[White "Duijker, Bert"]
[Black "Wieprecht, Gerhard"]
[Result "0-1"]
[WhiteElo "1867"]
[BlackElo "1922"]
[PlyCount "52"]
[EventDate "2011.??.??"]

1. Nf3 Nf6 2. c4 e6 3. g3 d5 4. d4 c5 5. Bg2 Nc6 6. O-O cxd4 7. Nxd4 Bc5 8. Nb3
Be7 9. cxd5 exd5 10. Nc3 Be6 11. Nd4 Nxd4 12. Qxd4 O-O 13. Rd1 Rc8 14. Qxa7 Bc5
15. Qa4 Qb6 16. e3 Rfd8 17. Qb5 Bg4 18. Qxb6 Bxb6 19. f3 d4 20. exd4 Bxd4+ 21.
Kf1 Be6 22. Ne4 Bc4+ 23. Ke1 Nxe4 24. fxe4 Bf2+ 25. Kxf2 Rxd1 26. Bh3 Be6 0-1

[Event "Offene Hessische Senioren Einzelmeisters"]
[Site "Bad Sooden- Allendorf"]
[Date "2011.05.05"]
[Round "6.36"]
[White "Kalix, Wolfgang"]
[Black "Draxler, Gottfried"]
[Result "1-0"]
[WhiteElo "2064"]
[BlackElo "1813"]
[PlyCount "27"]
[EventDate "2011.??.??"]

1. e4 c5 2. Nf3 d6 3. Bb5+ Bd7 4. Bxd7+ Nxd7 5. O-O g6 6. d4 Ngf6 7. e5 dxe5 8.
dxe5 Ng4 9. e6 Nde5 10. Nxe5 Nxe5 11. Qe2 Nc6 12. exf7+ Kxf7 13. Be3 b6 14.
Qf3+ 1-0

[Event "Offene Hessische Senioren Einzelmeisters"]
[Site "Bad Sooden- Allendorf"]
[Date "2011.05.05"]
[Round "6.37"]
[White "Lüders, Dr. Günther"]
[Black "Nagorni, Walter"]
[Result "0-1"]
[WhiteElo "1870"]
[BlackElo "2108"]
[PlyCount "82"]
[EventDate "2011.??.??"]

1. d4 Nf6 2. Nf3 c5 3. c3 g6 4. Bf4 Bg7 5. Nbd2 O-O 6. h3 b6 7. e3 d5 8. Be2
Nc6 9. O-O Bb7 10. Rc1 Rc8 11. Ne5 Ne4 12. Nxc6 Rxc6 13. Nxe4 dxe4 14. dxc5
bxc5 15. Qxd8 Rxd8 16. Rfd1 Rcc8 17. Rxd8+ Rxd8 18. Rd1 Rxd1+ 19. Bxd1 e5 20.
Bg3 Kf8 21. Be2 Ke7 22. f4 Kd6 23. fxe5+ Bxe5 24. Bxe5+ Kxe5 25. c4 g5 26. g3
f5 27. Kf2 Bc8 28. Bh5 Be6 29. b3 f4 30. g4 Kf6 31. Be8 Bf7 32. Bc6 Ke5 33. Bd7
h5 34. gxh5 Bxh5 35. Bg4 Bxg4 36. hxg4 Kf6 37. Ke2 fxe3 38. Kxe3 Ke5 39. b4
cxb4 40. c5 b3 41. c6 Kd6 0-1

[Event "Offene Hessische Senioren Einzelmeisters"]
[Site "Bad Sooden- Allendorf"]
[Date "2011.05.05"]
[Round "6.38"]
[White "Rüggeberg, Wilhelm"]
[Black "Rychlik, Kurt"]
[Result "1/2-1/2"]
[WhiteElo "1918"]
[BlackElo "2106"]
[PlyCount "84"]
[EventDate "2011.??.??"]

1. d4 Nf6 2. c4 g6 3. Nc3 Bg7 4. e4 d6 5. h3 O-O 6. Nf3 Nbd7 7. Be2 c5 8. d5 a6
9. O-O Rb8 10. Qc2 Re8 11. Bf4 Nf8 12. Rad1 Bd7 13. a4 Qa5 14. b3 Nh5 15. Bd2
Qc7 16. Be3 b6 17. Nh4 Nf6 18. f4 e6 19. dxe6 Nxe6 20. Nd5 Nxd5 21. cxd5 Nf8
22. Bxa6 b5 23. Bxb5 Bxb5 24. axb5 Rxb5 25. Bd2 Qe7 26. Qc4 Reb8 27. Nf3 Rxb3
28. Rfe1 Nd7 29. Kh2 f6 30. Re2 Bh6 31. Rde1 Bg7 32. e5 fxe5 33. fxe5 Nxe5 34.
Nxe5 Bxe5+ 35. Kh1 Qf6 36. Rxe5 dxe5 37. d6+ Kg7 38. Rf1 Rb1 39. Bc1 Qd8 40.
Qf7+ Kh8 41. d7 c4 42. Qe6 e4 1/2-1/2

[Event "Offene Hessische Senioren Einzelmeisters"]
[Site "Bad Sooden- Allendorf"]
[Date "2011.05.05"]
[Round "6.39"]
[White "Schumacher, Helmut"]
[Black "Ninic, Milutin"]
[Result "1/2-1/2"]
[WhiteElo "2085"]
[BlackElo "1890"]
[PlyCount "54"]
[EventDate "2011.??.??"]

1. d4 Nf6 2. Nc3 g6 3. e4 d6 4. Nge2 Bg7 5. g3 O-O 6. Bg2 Nc6 7. h3 e5 8. Be3
exd4 9. Nxd4 Nxd4 10. Bxd4 Be6 11. O-O Qd7 12. Kh2 Rad8 13. Qf3 Ng4+ 14. hxg4
Bxd4 15. g5 b5 16. Qd3 c5 17. Nd5 Bxd5 18. exd5 Bxb2 19. Rab1 c4 20. Qd2 Bg7
21. Bh3 Qb7 22. a4 a6 23. Rb4 Rfe8 24. axb5 c3 25. Qd3 Re5 26. Bg2 Rde8 27.
Rfb1 axb5 1/2-1/2

[Event "Offene Hessische Senioren Einzelmeisters"]
[Site "Bad Sooden- Allendorf"]
[Date "2011.05.05"]
[Round "6.40"]
[White "Burkardt, Robert"]
[Black "Reinhold, Dr. Klaus"]
[Result "0-1"]
[WhiteElo "1834"]
[BlackElo "2114"]
[PlyCount "36"]
[EventDate "2011.??.??"]

1. e4 e5 2. Nf3 Nf6 3. Nc3 Nc6 4. Bc4 Nxe4 5. Bxf7+ Kxf7 6. Nxe4 d5 7. Nc3 e4
8. Ng1 g6 9. d3 Bb4 10. Bd2 Re8 11. Kf1 Kg7 12. a3 Bc5 13. b4 Bxf2 14. Kxf2
Qf6+ 15. Nf3 exf3 16. gxf3 Qh4+ 17. Kg2 Bh3+ 18. Kg1 Qd4+ 0-1

[Event "Offene Hessische Senioren Einzelmeisters"]
[Site "Bad Sooden- Allendorf"]
[Date "2011.05.06"]
[Round "6.41"]
[White "Mann, Klaus-Dieter"]
[Black "Grams, Arthur"]
[Result "1-0"]
[WhiteElo "2116"]
[BlackElo "1940"]
[PlyCount "58"]
[EventDate "2011.??.??"]

1. c4 e5 2. Nc3 Bb4 3. Qc2 Ne7 4. g3 O-O 5. Bg2 c5 6. e3 d6 7. Nge2 a6 8. O-O
Nbc6 9. d3 Rb8 10. Nd5 b5 11. b3 Bf5 12. a3 Ba5 13. Bb2 Nxd5 14. Bxd5 Ne7 15.
Bg2 Bc7 16. Nc3 Be6 17. Nd5 Bxd5 18. cxd5 Ng6 19. f4 f6 20. h4 h6 21. b4 Re8
22. Rae1 Qd7 23. d4 Qg4 24. Qf2 c4 25. Kh2 Nf8 26. Bh3 Qg6 27. f5 Qf7 28. Bg2
Bb6 29. Bc3 Rb7 {weitere 30 Züge nicht rekonstruierbar} 1-0

[Event "Offene Hessische Senioren Einzelmeisters"]
[Site "Bad Sooden- Allendorf"]
[Date "2011.05.05"]
[Round "6.42"]
[White "Rost van Tonningen, Otto"]
[Black "Fritsch, Wolfgang"]
[Result "1-0"]
[WhiteElo "2017"]
[BlackElo "1847"]
[PlyCount "39"]
[EventDate "2011.??.??"]

1. e4 e5 2. Nf3 Nf6 3. Nc3 Nc6 4. d4 exd4 5. Nd5 d6 6. Bc4 Bg4 7. h3 Bh5 8. g4
Bg6 9. Nxd4 Nxd5 10. Nxc6 bxc6 11. exd5 Be4 12. O-O Be7 13. Re1 Bxd5 14. Bxd5
cxd5 15. Qxd5 O-O 16. Re2 Bf6 17. c3 Qd7 18. Bf4 Rfe8 19. Rae1 Rxe2 20. Qxa8+
1-0

[Event "Offene Hessische Senioren Einzelmeisters"]
[Site "Bad Sooden- Allendorf"]
[Date "2011.05.05"]
[Round "6.43"]
[White "Petzold, Dr. Hans"]
[Black "Schmitthöfer, Herbert"]
[Result "1-0"]
[WhiteElo "2157"]
[BlackElo "1914"]
[PlyCount "83"]
[EventDate "2011.??.??"]

1. e4 c5 2. Nc3 d6 3. f4 g6 4. Bb5+ Bd7 5. Bxd7+ Nxd7 6. Nf3 Bg7 7. O-O Ngf6 8.
d3 e6 9. Qe1 O-O 10. Qh4 a6 11. Bd2 b5 12. Rae1 b4 13. Nd1 Ne8 14. Qh3 Nef6 15.
Ng5 h6 16. Nf3 Nh7 17. f5 e5 18. fxg6 fxg6 19. Bxh6 Qe7 20. Ne3 Bxh6 21. Qxh6
Qg7 22. Qh3 Rae8 23. Qg3 Kh8 24. Rf2 Ndf6 25. Nh4 Rg8 26. Nc4 Nh5 27. Qe3 Qe7
28. g3 Rg7 29. Qh6 Reg8 30. Ref1 Qe6 31. b3 Nf4 32. gxf4 exf4 33. Rxf4 d5 34.
Ne3 dxe4 35. dxe4 Qe5 36. Rg4 Qd4 37. Rf3 Qa1+ 38. Kg2 Qe1 39. Nxg6+ Rxg6 40.
Rxg6 Qe2+ 41. Kg3 Qe1+ 42. Kh3 1-0

[Event "Offene Hessische Senioren Einzelmeisters"]
[Site "Bad Sooden- Allendorf"]
[Date "2011.05.05"]
[Round "6.44"]
[White "Mentel, Dr. Jürgen"]
[Black "Barlo, Werner"]
[Result "1/2-1/2"]
[WhiteElo "2129"]
[BlackElo "1901"]
[PlyCount "81"]
[EventDate "2011.??.??"]

1. e4 e6 2. d3 c5 3. Nf3 Nc6 4. g3 Nf6 5. Bg2 d5 6. Nbd2 Be7 7. O-O O-O 8. Re1
dxe4 9. Nxe4 Nxe4 10. Rxe4 b6 11. c3 Bb7 12. Re1 Qd7 13. Qc2 Rad8 14. Rd1 Qc7
15. d4 cxd4 16. cxd4 Rd7 17. Bf4 Bd6 18. Ng5 g6 19. Be3 Rc8 20. Rac1 h6 21. Ne4
Kg7 22. Qd2 g5 23. Qe2 Qd8 24. a3 Be7 25. b4 Nxd4 26. Qb2 e5 27. Rxc8 Bxc8 28.
Re1 f6 29. Nc3 Bb7 30. Bxb7 Rxb7 31. Kg2 Rd7 32. f3 Qa8 33. Qf2 Qc6 34. Ne4 Nc2
35. Rc1 Nxe3+ 36. Qxe3 Qd5 37. Rc2 Qd4 38. Qxd4 exd4 39. Nf2 f5 40. Nd3 Bf6 41.
b5 1/2-1/2

[Event "Offene Hessische Senioren Einzelmeisters"]
[Site "Bad Sooden- Allendorf"]
[Date "2011.05.05"]
[Round "6.46"]
[White "Montsma, Foppe Jan"]
[Black "Micheel, Peter"]
[Result "1-0"]
[WhiteElo "1997"]
[BlackElo "1989"]
[PlyCount "45"]
[EventDate "2011.??.??"]

1. d4 Nf6 2. Nf3 d5 3. Bf4 c5 4. c3 cxd4 5. cxd4 Qb6 6. Qb3 Qxb3 7. axb3 Nc6 8.
Nc3 Bf5 9. e3 e6 10. Bb5 Nd7 11. O-O Bb4 12. Ra4 Bxc3 13. bxc3 O-O 14. Bxc6
bxc6 15. Rfa1 Rfc8 16. Rxa7 Rxa7 17. Rxa7 Nf6 18. Ne5 Nh5 19. Nxc6 Kh8 20. Ne7
Re8 21. Nxf5 Nxf4 22. Nd6 Ne2+ 23. Kf1 1-0

[Event "Offene Hessische Senioren Einzelmeisters"]
[Site "Bad Sooden- Allendorf"]
[Date "2011.05.05"]
[Round "6.47"]
[White "Gebuhr, Günter"]
[Black "Ahlberg, Günter"]
[Result "0-1"]
[WhiteElo "1951"]
[BlackElo "2052"]
[PlyCount "86"]
[EventDate "2011.??.??"]

1. e4 c6 2. d4 d5 3. Nc3 dxe4 4. Nxe4 Bf5 5. Ng3 Bg6 6. h4 h6 7. h5 Bh7 8. Nf3
Nd7 9. Bd3 Bxd3 10. Qxd3 e6 11. Be3 Ngf6 12. O-O-O Qc7 13. Kb1 O-O-O 14. c4 Bd6
15. Ne4 Nxe4 16. Qxe4 Nf6 17. Qh4 c5 18. dxc5 Bxc5 19. Bxc5 Qxc5 20. Nd4 Rd7
21. Nb3 Qf5+ 22. Kc1 Rhd8 23. Rd4 e5 24. Rxd7 Rxd7 25. Qg3 Ng4 26. f3 Ne3 27.
Qf2 Qd3 28. Qd2 Qxc4+ 29. Qc3 Qxc3+ 30. bxc3 f6 31. g4 b6 32. Re1 Nd5 33. Kb2
Nf4 34. Kc2 Kc7 35. Nd2 Kc6 36. Re4 b5 37. a4 a6 38. axb5+ axb5 39. c4 Ne6 40.
cxb5+ Kxb5 41. Re3 Rc7+ 42. Kd1 Nd4 43. Ne4 Ra7 0-1

[Event "Offene Hessische Senioren Einzelmeisters"]
[Site "Bad Sooden- Allendorf"]
[Date "2011.05.05"]
[Round "6.48"]
[White "Busic, Nedjeljko"]
[Black "Mewes, Hans-Dieter"]
[Result "0-1"]
[WhiteElo "2059"]
[BlackElo "1938"]
[PlyCount "68"]
[EventDate "2011.??.??"]

1. e4 c5 2. Nf3 e6 3. d4 cxd4 4. Nxd4 a6 5. Nc3 Qc7 6. f4 b5 7. Bd3 b4 8. Nce2
Bb7 9. Be3 d6 10. O-O Nf6 11. Ng3 Nbd7 12. Qe1 Rb8 13. Qe2 Nc5 14. Bf2 Nxd3 15.
cxd3 Rc8 16. Rae1 Be7 17. e5 dxe5 18. fxe5 Nd5 19. Qg4 O-O 20. Nh5 g6 21. Bg3
Qd8 22. Rf2 Kh8 23. Ref1 Ne3 24. Qh3 Qxd4 25. Nf6 Bxf6 26. exf6 Nxf1 27. Qh6
Rg8 28. Kxf1 Qxd3+ 29. Kg1 Qd4 30. h3 Rc2 31. Qg5 Rxf2 32. Bxf2 Qd5 33. Qg4 Rd8
34. Kh2 Qxg2+ 0-1

[Event "Offene Hessische Senioren Einzelmeisters"]
[Site "Bad Sooden- Allendorf"]
[Date "2011.05.05"]
[Round "6.49"]
[White "Brandt, Fred"]
[Black "Schlag, Franz"]
[Result "0-1"]
[WhiteElo "1873"]
[BlackElo "2110"]
[PlyCount "88"]
[EventDate "2011.??.??"]

1. d4 Nf6 2. Nf3 d5 3. e3 Bg4 4. Nbd2 e6 5. Be2 c5 6. c3 Nbd7 7. O-O Bd6 8. Qc2
Rc8 9. Re1 O-O 10. h3 Bh5 11. dxc5 Nxc5 12. Bd3 Nxd3 13. Qxd3 Bg6 14. Qe2 h6
15. Nh2 Bh5 16. Qd3 Re8 17. Kh1 Qc7 18. Nhf3 Bg6 19. Qe2 e5 20. Nb3 Bf5 21. Nh4
Be6 22. Nf3 Qd7 23. Ng1 b6 24. f3 a5 25. Bd2 a4 26. Nc1 g5 27. Qf2 Rc4 28. b3
Rh4 29. g3 Rh5 30. g4 Nxg4 31. fxg4 Bxg4 32. Qg2 Bxh3 33. Nxh3 Rxh3+ 34. Kg1 e4
35. Ne2 a3 36. Rad1 Rh4 37. Kf2 Rh2 38. Qxh2 Bxh2 39. Nd4 Qg4 40. Rh1 Bg3+ 41.
Kf1 h5 42. Rg1 h4 43. Be1 f5 44. Bxg3 hxg3 0-1

[Event "Offene Hessische Senioren Einzelmeisters"]
[Site "Bad Sooden- Allendorf"]
[Date "2011.05.06"]
[Round "6.50"]
[White "Gudat, Alfons"]
[Black "Willms, Willi"]
[Result "0-1"]
[WhiteElo "2051"]
[BlackElo "1939"]
[PlyCount "68"]
[EventDate "2011.??.??"]

1. e4 c5 2. Nf3 d6 3. Bb5+ Nd7 4. O-O a6 5. Be2 Ngf6 6. d3 g6 7. c4 Bg7 8. Nc3
O-O 9. h3 Nb8 10. Rb1 Nc6 11. a3 e6 12. Be3 Bd7 13. Qd2 Qc7 14. b4 cxb4 15.
axb4 Ne7 16. Rfc1 Rac8 17. c5 d5 18. Bf4 Qd8 19. Bd6 dxe4 20. dxe4 Bc6 21. Qe3
Qd7 22. Rd1 Rfd8 23. Ne5 Qe8 24. Nc4 Nd7 25. f3 Bf6 26. Bf4 Ra8 27. Bh6 Bg7 28.
Bxg7 Kxg7 29. Nd6 Qf8 30. f4 Kg8 31. f5 exf5 32. Rf1 Qg7 33. exf5 gxf5 34. Qxe7
Qxg2# 0-1

[Event "Offene Hessische Senioren Einzelmeisters"]
[Site "Bad Sooden- Allendorf"]
[Date "2011.05.05"]
[Round "6.51"]
[White "Höllger, Herbert"]
[Black "Klüver, Horst"]
[Result "1-0"]
[WhiteElo "2077"]
[BlackElo "1902"]
[PlyCount "91"]
[EventDate "2011.??.??"]

1. d4 d5 2. Nf3 Bg4 3. e3 e6 4. c4 c6 5. Nbd2 Bb4 6. Bd3 Bxf3 7. Qxf3 Qf6 8.
Qe2 Ne7 9. O-O O-O 10. a3 Ba5 11. f4 Nd7 12. b4 Bc7 13. Bb2 Rfe8 14. e4 Qh6 15.
g3 f5 16. e5 Nf8 17. Nf3 Bd8 18. b5 cxb5 19. cxb5 b6 20. Rac1 Neg6 21. Rc6 Ne7
22. Rc2 g6 23. Rfc1 Kh8 24. a4 Qg7 25. Ba3 h6 26. h4 Qf7 27. Kg2 Nh7 28. Bd6
Qg7 29. Qd2 Ng8 30. Rc8 Rxc8 31. Rxc8 Qd7 32. Qc1 Ne7 33. Rc2 Rg8 34. Bc7 Nc8
35. Bxd8 Qxd8 36. Rc7 Re8 37. Qc6 Nf8 38. Qb7 Ne7 39. Qxa7 Nc8 40. Qb7 Ne7 41.
Qxb6 Qa8 42. Qa7 Ng8 43. b6 Qd8 44. Bb5 Re7 45. Rxe7 Nxe7 46. b7 1-0

[Event "Offene Hessische Senioren Einzelmeisters"]
[Site "Bad Sooden- Allendorf"]
[Date "2011.05.05"]
[Round "6.52"]
[White "Nietsch, Horst"]
[Black "Claus, Joachim"]
[Result "1/2-1/2"]
[WhiteElo "2010"]
[BlackElo "1855"]
[PlyCount "82"]
[EventDate "2011.??.??"]

1. Nf3 Nf6 2. g3 d5 3. Bg2 e6 4. O-O c5 5. c4 Be7 6. d3 O-O 7. b3 Nc6 8. Bb2 d4
9. e3 e5 10. e4 Qc7 11. h3 Bd7 12. Kh2 Ne8 13. Nbd2 Nd6 14. Ng1 Nd8 15. Qh5 Ne8
16. Qe2 Nc6 17. Rae1 Bd6 18. a3 a5 19. Bc1 Qd8 20. Kh1 Qe7 21. Ndf3 Na7 22. Nh2
Nc6 23. f4 f6 24. f5 Nd8 25. g4 Nf7 26. Ngf3 g6 27. fxg6 hxg6 28. Rf2 Kg7 29.
Ref1 Rh8 30. Ng1 Rc8 31. Ngf3 Nd8 32. Bd2 b6 33. Rb1 Nc6 34. Kg1 Ra8 35. Nf1
Rg8 36. Ng3 Rb8 37. a4 Ra8 38. Rbf1 Rf8 39. Qd1 Nd8 40. Ne1 Ne6 41. Qc1 Nd8
1/2-1/2

[Event "Offene Hessische Senioren Einzelmeisters"]
[Site "Bad Sooden- Allendorf"]
[Date "2011.05.05"]
[Round "6.53"]
[White "Alvarez, Luis"]
[Black "Huhn, Ulrich"]
[Result "0-1"]
[WhiteElo "1869"]
[BlackElo "2030"]
[PlyCount "102"]
[EventDate "2011.??.??"]

1. e4 d5 2. exd5 Nf6 3. d4 Nxd5 4. c4 Nf6 5. Nc3 c6 6. Be2 Bf5 7. Nf3 e6 8. h3
Be7 9. g4 Bg6 10. Ne5 Nbd7 11. Nxg6 hxg6 12. Bf3 Nb6 13. Qd3 Qc7 14. a3 Rd8 15.
Ne2 e5 16. Qc3 exd4 17. Nxd4 Qe5+ 18. Be3 Ne4 19. Bxe4 Qxe4 20. O-O-O c5 21.
Nc2 Bf6 22. Rxd8+ Kxd8 23. Rd1+ Kc8 24. Qa5 Bxb2+ 25. Kb1 Kb8 26. Bxc5 Rc8 27.
Bxb6 axb6 28. Qxb6 Bf6 29. Qd6+ Rc7 30. Qd5 Qxc4 31. Qxc4 Rxc4 32. Rd3 Rc3 33.
Rxc3 Bxc3 34. Ka2 Kc7 35. Kb3 Bf6 36. Kc4 Bb2 37. a4 Kc6 38. Nb4+ Kd6 39. Kb5
Bd4 40. Nd3 Kd5 41. f3 Ba7 42. Nb2 Ke5 43. Nc4+ Kf4 44. Nd6 Kxf3 45. Nxb7 f5
46. Nd6 f4 47. a5 Ke3 48. Nc4+ Ke2 49. Ne5 f3 50. Nxf3 Kxf3 51. Kc6 Kg3 0-1

[Event "Offene Hessische Senioren Einzelmeisters"]
[Site "Bad Sooden- Allendorf"]
[Date "2011.05.05"]
[Round "6.54"]
[White "Merettig, Georg"]
[Black "Kienel, Norbert"]
[Result "0-1"]
[WhiteElo "1943"]
[BlackElo "1875"]
[PlyCount "90"]
[EventDate "2011.??.??"]

1. Nc3 d5 2. e4 d4 3. Nce2 c5 4. d3 Bg4 5. Bf4 Nc6 6. h3 Bd7 7. Bg3 e5 8. f4
Bd6 9. f5 Qa5+ 10. c3 Nf6 11. Qd2 b5 12. Nf3 dxc3 13. bxc3 O-O 14. Bh4 Nh5 15.
f6 Nf4 16. Bg5 b4 17. Rc1 bxc3 18. Nxc3 Nd4 19. Kf2 Nde6 20. fxg7 Kxg7 21. Bf6+
Kg8 22. Nxe5 Bxe5 23. Bxe5 Ng6 24. Bf6 c4 25. d4 Rfb8 26. d5 Qb6+ 27. Ke1 Nef4
28. Bg5 Qd6 29. Bxc4 Rb4 30. Bb3 Re8 31. Rf1 Nh5 32. Bc2 Qg3+ 33. Kd1 Rb2 34.
Nb1 Rxe4 35. Nc3 Re5 36. h4 Bg4+ 37. Rf3 Bxf3+ 38. gxf3 Qxf3+ 39. Ne2 Rxd5 40.
Qxd5 Qxd5+ 41. Ke1 Ne5 42. Bh6 Qc4 43. Kd1 Nd3 44. Bb3 Qg4 45. Bc2 Nxc1 0-1

[Event "Offene Hessische Senioren Einzelmeisters"]
[Site "Bad Sooden- Allendorf"]
[Date "2011.05.05"]
[Round "6.55"]
[White "Bill, Eugen"]
[Black "Geisler, Reinhard"]
[Result "0-1"]
[WhiteElo "1873"]
[BlackElo "1894"]
[PlyCount "57"]
[EventDate "2011.??.??"]

1. d4 Nf6 2. Nf3 g6 3. Bf4 Bg7 4. e3 O-O 5. Nbd2 d6 6. Bd3 Nbd7 7. h4 Qe8 8.
Bc4 e5 9. dxe5 dxe5 10. Bg3 a6 11. c3 e4 12. Ng5 Ne5 13. Bxe5 Qxe5 14. Qb3 Qe7
15. Bd5 c6 16. Bxe4 Nxe4 17. Ngxe4 b5 18. a4 Be6 19. Qa3 Qxa3 20. Rxa3 Bd5 21.
O-O Rfd8 22. Rfa1 b4 23. cxb4 Bxb2 24. f3 Rab8 25. Nc5 Bxa1 26. Rxa1 Rxb4 27.
Nxa6 Rb2 28. Nb1 Bc4 29. Nc5 0-1

[Event "Offene Hessische Senioren Einzelmeisters"]
[Site "Bad Sooden- Allendorf"]
[Date "2011.05.05"]
[Round "6.56"]
[White "Fleischer, Martin"]
[Black "Papenkordt, Karl-Hermann"]
[Result "1-0"]
[WhiteElo "1879"]
[BlackElo "1906"]
[PlyCount "139"]
[EventDate "2011.??.??"]

1. e4 c5 2. Nf3 Nc6 3. c3 Nf6 4. Qc2 d6 5. Bb5 Bd7 6. O-O g6 7. d3 Bg7 8. a3
O-O 9. h3 a6 10. Bc4 b5 11. Ba2 e6 12. Be3 Rc8 13. Qe2 Nh5 14. g4 Nf6 15. Nbd2
Ne8 16. Rac1 Kh8 17. Bf4 f5 18. exf5 exf5 19. g5 Qe7 20. Rfe1 Qxe2 21. Rxe2 Rd8
22. Rce1 Bc8 23. Bd5 Bb7 24. h4 Nc7 25. Ba2 Ne5 26. Nxe5 Bxe5 27. Bxe5+ dxe5
28. Rxe5 Rxd3 $11 29. Rxc5 Rxd2 30. Rxc7 Be4 31. Bb1 Rxb2 32. Bxe4 fxe4 33.
Rxe4 Rbxf2 34. Rce7 R2f4 35. Kg2 Rf2+ 36. Kg3 R2f3+ 37. Kg4 Rxc3 38. a4 Rc4 39.
Rxc4 bxc4 40. Rc7 Rb8 41. Rxc4 a5 42. Kf3 h5 43. Ke4 Kg7 44. Rc7+ Kf8 45. Ke5
Rb1 46. Ra7 Rf1 47. Ra6 Kg7 48. Ra7+ Kg8 49. Rc7 Rf2 50. Rc5 Kf7 51. Kd6 Rf4
52. Rxa5 Rxh4 53. Ra7+ Kf8 54. Ke5 Rc4 55. Ra6 h4 56. Kf6 Rf4+ 57. Kxg6 h3 58.
Ra8+ Ke7 59. Rh8 Rxa4 60. Rxh3 Rg4 61. Rf3 Rg1 62. Kh6 Rh1+ 63. Kg7 Re1 64. g6
Re2 65. Rf7+ Ke8 66. Kg8 Rg2 67. Rg7 Rh2 68. Rh7 Rg2 69. g7 Rg1 70. Kh8 1-0